[Event "16th Asian-ch"]
[Site "Makati PHI"]
[Date "2018.12.14"]
[Round "5.7"]
[White "Le Quang Liem"]
[Black "Tan Zhongyi"]
[Result "1-0"]
[WhiteElo "2714"]
[BlackElo "2508"]
[EventDate "2018.12.10"]
[PlyCount "103"]

1.c4 e5 2.Nc3 Nf6 3.Nf3 Nc6 4.d3 d5 5.cxd5 Nxd5 6.e4 Nf6 7.h3 Bc5 8.Be3 
Bb6 9.Be2 O-O 10.O-O Re8 11.Rc1 h6 12.Na4 Nd4 13.Nxd4 Bxd4 14.Qc2 c6 15.a3
Qd6 16.b4 Be6 17.Bxd4 Qxd4 18.Qc3 Rad8 19.Rc2 Qxc3 20.Rxc3 Bc8 21.Rfc1 Nd7
22.Bg4 Nf8 23.Bxc8 Rxc8 24.Nc5 Re7 25.Kf1 Rd8 26.Ke2 Ne6 27.Nxe6 Rxe6 28.
Rc5 f6 29.g3 Red6 30.R1c3 Kf7 31.b5 cxb5 32.Rxb5 b6 33.f4 Ke6 34.a4 a6 35.
Rb4 f5 36.Rcb3 Rb8 37.Ke3 exf4+ 38.gxf4 fxe4 39.dxe4 g6 40.h4 h5 41.Rc3 
Rd1 42.Rc6+ Rd6 43.Rbc4 b5 44.e5 Rxc6 45.Rxc6+ Kf7 46.a5 b4 47.Rb6 Rc8 48.
Rxb4 Rc3+ 49.Ke4 Ra3 50.Rb7+ Ke8 51.Kd5 Kf8 52.e6 1-0

[Event "16th Asian-ch"]
[Site "Makati PHI"]
[Date "2018.12.14"]
[Round "5.8"]
[White "Gagare, Shardul"]
[Black "Santosh Gujrathi, Vidit"]
[Result "0-1"]
[WhiteElo "2504"]
[BlackElo "2701"]
[EventDate "2018.12.10"]
[PlyCount "100"]

1.c4 e5 2.g3 Nf6 3.Bg2 d5 4.cxd5 Nxd5 5.Nc3 Nb6 6.Nf3 Nc6 7.O-O Be7 8.a3 
O-O 9.b4 Be6 10.Rb1 f6 11.d3 a5 12.b5 Nd4 13.Nd2 Qc8 14.e3 Nf5 15.Qc2 Rd8 
16.Bb2 a4 17.Rfc1 Nd6 18.Nde4 Bb3 19.Qe2 Nf7 20.Nd2 Be6 21.Nc4 Nxc4 22.
dxc4 c6 23.bxc6 bxc6 24.Nd5 Bc5 25.Nb4 Bg4 26.f3 Bf5 27.Ra1 Qe6 28.Bc3 e4 
29.f4 Rd3 30.Bd2 Nd6 31.Nxd3 exd3 32.Qf3 Be4 33.Qf2 Bxg2 34.Qxg2 Ne4 35.
Kh1 Rb8 36.Bb4 Bxb4 37.axb4 Rxb4 38.c5 d2 39.Rd1 Qd5 40.Kg1 Qxc5 41.Qe2 
Rb3 42.Rxd2 Rxe3 43.Rd8+ Kf7 44.Qa2+ Ke7 45.Re8+ Kxe8 46.Qg8+ Kd7 47.Qxg7+
Kc8 48.Kh1 Nd6 49.Rd1 Qc2 50.Qf8+ Ne8 0-1

[Event "16th Asian-ch"]
[Site "Makati PHI"]
[Date "2018.12.14"]
[Round "5.9"]
[White "Megaranto, Susanto"]
[Black "Maghsoodloo, Parham"]
[Result "1/2-1/2"]
[WhiteElo "2512"]
[BlackElo "2688"]
[EventDate "2018.12.10"]
[PlyCount "50"]

1.d4 Nf6 2.Nf3 g6 3.c4 Bg7 4.Nc3 d5 5.Bg5 Ne4 6.cxd5 Nxg5 7.Nxg5 e6 8.Nf3 
exd5 9.b4 O-O 10.e3 c6 11.Be2 b6 12.O-O Bb7 13.a4 Re8 14.Qb3 Nd7 15.Rfd1 
a5 16.bxa5 Rxa5 17.Rab1 h5 18.g3 Re6 19.h4 Bf6 20.Bf1 Ba6 21.Bh3 Re8 22.
Qc2 Nf8 23.Qb3 Nd7 24.Qc2 Nf8 25.Qb3 Nd7 1/2-1/2

[Event "16th Asian-ch"]
[Site "Makati PHI"]
[Date "2018.12.14"]
[Round "5.10"]
[White "Firouzja, Alireza"]
[Black "Vokhidov, Shamsiddin"]
[Result "0-1"]
[WhiteElo "2607"]
[BlackElo "2480"]
[EventDate "2018.12.10"]
[PlyCount "74"]

1.e4 e5 2.Nf3 Nc6 3.Bc4 Bc5 4.c3 Nf6 5.d3 a6 6.a4 d6 7.O-O Ba7 8.Re1 O-O 
9.Bg5 h6 10.Bh4 g5 11.Bg3 Nh7 12.Nbd2 Qf6 13.d4 h5 14.h4 g4 15.dxe5 dxe5 
16.Nh2 Ne7 17.Kh1 Bxf2 18.Rf1 Bxg3 19.Rxf6 Nxf6 20.Qe2 Kg7 21.Nhf1 Bxh4 
22.Qe3 Ne8 23.Ng3 Bxg3 24.Qxg3 Ng6 25.Qe3 Bd7 26.Bd5 Rb8 27.a5 Nf6 28.Rf1 
h4 29.Kg1 Nh5 30.Qa7 Nhf4 31.Qc5 c6 32.Bc4 Rbd8 33.Re1 Rh8 34.Nf1 g3 35.
Ne3 h3 36.Bf1 hxg2 37.Bxg2 Nd3 0-1

[Event "16th Asian-ch"]
[Site "Makati PHI"]
[Date "2018.12.14"]
[Round "5.12"]
[White "Tabatabaei, Mohammadamin"]
[Black "Liu Yan"]
[Result "1-0"]
[WhiteElo "2587"]
[BlackElo "2495"]
[EventDate "2018.12.10"]
[PlyCount "71"]

1.e4 e5 2.Nf3 Nc6 3.Bb5 Nf6 4.O-O Nxe4 5.d4 Nd6 6.Ba4 Be7 7.dxe5 Nf5 8.Nc3
O-O 9.Nd5 d6 10.Nxe7+ Qxe7 11.Bg5 Qe6 12.exd6 Qxd6 13.Qxd6 Nxd6 14.Bxc6 
bxc6 15.Rfe1 f6 16.Bf4 Kf7 17.Re3 Rb8 18.b3 Rb4 19.c4 Rb7 20.Rae1 Nf5 21.
Re4 g5 22.Bd2 h5 23.h3 Kg6 24.Bc3 c5 25.Re8 Rxe8 26.Rxe8 g4 27.hxg4 hxg4 
28.Ne1 Nd6 29.Rf8 Bf5 30.Rxf6+ Kg5 31.Be5 Bb1 32.f4+ Kh5 33.Bxd6 cxd6 34.
Rxd6 Bxa2 35.Nd3 Rxb3 36.Nxc5 
    {writing ineigibe, white won after 47 moves}
1-0

[Event "16th Asian-ch"]
[Site "Makati PHI"]
[Date "2018.12.14"]
[Round "5.13"]
[White "De Guzman, Ricardo"]
[Black "Yakubboev, Nodirbek"]
[Result "0-1"]
[WhiteElo "2357"]
[BlackElo "2556"]
[EventDate "2018.12.10"]
[PlyCount "116"]

1.d4 Nf6 2.Nf3 e6 3.Bg5 c5 4.e3 h6 5.Bxf6 Qxf6 6.Nbd2 d5 7.Bb5+ Bd7 8.
Bxd7+ Nxd7 9.c4 cxd4 10.Nxd4 e5 11.N4f3 dxc4 12.Nxc4 Bb4+ 13.Ncd2 e4 14.
Nd4 Qa6 15.Qe2 Bxd2+ 16.Kxd2 Qa5+ 17.Kd1 O-O 18.Qb5 Qc7 19.Rc1 Qd6 20.Kc2 
Nc5 21.Kb1 Nd3 22.Rc2 Rac8 23.f3 a6 24.Qb3 Rxc2 25.Qxc2 Qe5 26.a3 Rd8 27.
g3 Qe8 28.fxe4 Qxe4 29.Rd1 Nf2 30.Qxe4 Nxe4 31.Rc1 Nd2+ 32.Ka2 Rd7 33.b3 
g6 34.Kb2 Ne4 35.Rc8+ Kg7 36.Kc2 Re7 37.Nf3 Nd6 38.Rb8 Rxe3 39.Nd4 Re8 40.
Rxe8 Nxe8 41.a4 Kf6 42.b4 Ke5 43.Kd3 Nd6 44.Nc2 f5 45.Nd4 g5 46.Nf3+ Kd5 
47.Nd4 f4 48.gxf4 gxf4 49.Ne2 Ke5 50.Nd4 h5 51.a5 Ne4 52.b5 Nc5+ 53.Kc4 
Ne6 54.bxa6 bxa6 55.Nxe6 Kxe6 56.Kd4 Kf5 57.h3 h4 58.Kd3 Ke5 0-1

[Event "16th Asian-ch"]
[Site "Makati PHI"]
[Date "2018.12.14"]
[Round "5.14"]
[White "Khusnutdinov, Rustam"]
[Black "Xu Yi"]
[Result "0-1"]
[WhiteElo "2470"]
[BlackElo "2536"]
[EventDate "2018.12.10"]
[PlyCount "66"]

1.e4 c5 2.Nf3 Nc6 3.d4 cxd4 4.Nxd4 e6 5.Nc3 a6 6.Be3 Nf6 7.a3 d6 8.f4 Be7 
9.Qf3 e5 10.Nxc6 bxc6 11.fxe5 dxe5 12.Bc4 O-O 13.h3 Be6 14.Qe2 Nh5 15.Qxh5
Bxc4 16.Qf3 Bh4+ 17.Bf2 f5 18.Bxh4 Qxh4+ 19.Qf2 Qg5 20.Qc5 Qh4+ 21.Qf2 Qg5
22.Qc5 Bb5 23.Nxb5 Qh4+ 24.Kd2 Qg5+ 25.Kc3 Qg3+ 26.Kb4 cxb5 27.Ka5 Qxg2 
28.exf5 Rac8 29.Qxe5 Qxc2 30.Rac1 Qd2+ 31.Rc3 Rc4 32.Qe6+ Kh8 33.Qe7 Rb8 
0-1

[Event "16th Asian-ch"]
[Site "Makati PHI"]
[Date "2018.12.14"]
[Round "5.15"]
[White "Lalith Babu, Musunuri Rohit"]
[Black "Kunte, Abhijit"]
[Result "1/2-1/2"]
[WhiteElo "2529"]
[BlackElo "2469"]
[EventDate "2018.12.10"]
[PlyCount "30"]

1.c4 c5 2.Nf3 Nc6 3.Nc3 Nf6 4.e3 e6 5.d4 d5 6.Be2 dxc4 7.Bxc4 Be7 8.O-O 
O-O 9.a3 a6 10.dxc5 Bxc5 11.b4 Qxd1 12.Rxd1 Be7 13.Bb2 b5 14.Be2 Bb7 15.
Nd2 Rfd8 1/2-1/2

[Event "16th Asian-ch"]
[Site "Makati PHI"]
[Date "2018.12.14"]
[Round "5.16"]
[White "Ghaem Maghami, Ehsan"]
[Black "Amartuvshin, Ganzorig"]
[Result "1/2-1/2"]
[WhiteElo "2537"]
[BlackElo "2376"]
[EventDate "2018.12.10"]
[PlyCount "82"]

1.d4 Nf6 2.Nf3 g6 3.c4 Bg7 4.Nc3 O-O 5.e4 d6 6.Be2 Na6 7.h3 e5 8.dxe5 dxe5
9.Be3 Qe7 10.a3 c6 11.b4 Nh5 12.O-O Nf4 13.Qc2 f5 14.Bxf4 exf4 15.Rae1 Qf6
16.e5 Qe7 17.c5 Nc7 18.Qd2 Ne6 19.Bc4 Kh8 20.Bxe6 Bxe6 21.Qxf4 h6 22.h4 g5
23.hxg5 hxg5 24.Qxg5 Qxg5 25.Nxg5 Bc4 26.f4 Bxf1 27.Rxf1 a5 28.Ne6 Rf7 29.
Ne2 axb4 30.axb4 Ra2 31.N2d4 Rb2 32.Ng5 Rd7 33.Ra1 Bh6 34.Ra8+ Kg7 35.
Nxf5+ Kg6 36.Nxh6 Kxh6 37.Ra3 Rxb4 38.Rf3 Kg6 39.e6 Rd1+ 40.Kf2 Rb2+ 41.
Kg3 Re1 1/2-1/2

[Event "16th Asian-ch"]
[Site "Makati PHI"]
[Date "2018.12.14"]
[Round "5.17"]
[White "Nava, Roderick"]
[Black "Puranik, Abhimanyu"]
[Result "0-1"]
[WhiteElo "2392"]
[BlackElo "2544"]
[EventDate "2018.12.10"]
[PlyCount "96"]

1.d4 Nf6 2.c4 g6 3.Nc3 d5 4.cxd5 Nxd5 5.e4 Nxc3 6.bxc3 Bg7 7.Bg5 c5 8.Rc1 
O-O 9.d5 Qd6 10.Nf3 Bg4 11.Be2 Nd7 12.O-O Bxf3 13.Bxf3 c4 14.Qa4 Rfc8 15.
Be3 a6 16.Bg4 b5 17.Qd1 Rd8 18.f4 Nc5 19.e5 Qc7 20.Qd4 Nd3 21.Rc2 Rab8 22.
h4 Qb7 23.Bf3 Rd7 24.a4 Rbd8 25.axb5 Qxb5 26.h5 e6 27.hxg6 hxg6 28.Be4 Qb3
29.Bxd3 cxd3 30.Qxd3 Rxd5 31.Qe2 Bf8 32.c4 Rc8 33.Rfc1 Rd3 34.Bf2 Ba3 35.
Ra1 a5 36.c5 Rc3 37.Rca2 Bxc5 38.Bxc5 R3xc5 39.Qe1 Qb6 40.Kh2 Kg7 41.Rxa5 
Rh8+ 42.Kg3 Qb3+ 43.Kg4 Rh2 44.g3 Rcc2 45.R1a3 Qb7 46.Qf1 Rcf2 47.Ra7 Qe4 
48.Qd3 Qf5+ 0-1

[Event "16th Asian-ch"]
[Site "Makati PHI"]
[Date "2018.12.14"]
[Round "5.19"]
[White "Miciano, John Marvin"]
[Black "Bilguun, Sumiya"]
[Result "1/2-1/2"]
[WhiteElo "2354"]
[BlackElo "2497"]
[EventDate "2018.12.10"]
[PlyCount "129"]

1.c4 e6 2.Nf3 c5 3.g3 b6 4.Bg2 Bb7 5.O-O Nf6 6.b3 Be7 7.Bb2 d6 8.Nc3 O-O 
9.e3 Nbd7 10.d4 a6 11.a4 Rb8 12.Qe2 Ne4 13.Rfd1 Ndf6 14.Nxe4 Bxe4 15.Ne1 
Bxg2 16.Nxg2 Qc8 17.Nf4 Rd8 18.d5 e5 19.Nh5 Ne8 20.g4 g6 21.Ng3 Bh4 22.Kg2
Nf6 23.f3 Qd7 24.Bc3 b5 25.cxb5 axb5 26.a5 b4 27.Bb2 Qb5 28.Qc4 Rd7 29.Nf1
Ra7 30.Nd2 Qb7 31.Qd3 h5 32.gxh5 Nxh5 33.Nc4 Qd7 34.Rg1 Re8 35.Qe4 Bd8 36.
Qg4 Qe7 37.Kh1 Nf6 38.Qg2 Nxd5 39.f4 Nc3 40.Bxc3 bxc3 41.f5 g5 42.Rgf1 Qf6
43.Qc6 Rf8 44.a6 d5 45.Qxd5 Rxa6 46.Rxa6 Qxa6 47.Qd3 Bf6 48.Qxc3 Rb8 49.
Kg1 Rd8 50.Qc2 Kg7 51.Rd1 Rxd1+ 52.Qxd1 Qc6 53.Kf2 Qe4 54.Nd6 Qh4+ 55.Kg1 
Be7 56.Nc4 Qe4 57.Qd7 Bf8 58.Kf2 Qh4+ 59.Kg2 Qe4+ 60.Kg3 Kg8 61.f6 Qh4+ 
62.Kg2 Qe4+ 63.Kg3 Qh4+ 64.Kg2 Qe4+ 65.Kg3 1/2-1/2

[Event "16th Asian-ch"]
[Site "Makati PHI"]
[Date "2018.12.14"]
[Round "5.20"]
[White "Nguyen Anh Khoi"]
[Black "Garma, Chito"]
[Result "1-0"]
[WhiteElo "2480"]
[BlackElo "2342"]
[EventDate "2018.12.10"]
[PlyCount "49"]

1.d4 Nf6 2.c4 e5 3.dxe5 Ng4 4.Nf3 Bc5 5.e3 Nc6 6.Be2 O-O 7.O-O Ncxe5 8.
Nxe5 Nxe5 9.Nc3 Re8 10.b3 a6 11.Bb2 d6 12.Qc2 Qg5 13.Kh1 Qh4 14.Nd5 Re6 
15.g3 Qd8 16.f4 Nc6 17.f5 Re8 18.f6 Nb4 19.Nxb4 Bxb4 20.fxg7 Qd7 21.Bd3 
Qh3 22.Rf4 Qh5 23.Raf1 Re5 24.Rxf7 Bh3 25.Bxh7+ 1-0

[Event "16th Asian-ch"]
[Site "Makati PHI"]
[Date "2018.12.14"]
[Round "5.21"]
[White "Gomez, John Paul"]
[Black "Jacutina, John Merill"]
[Result "1-0"]
[WhiteElo "2450"]
[BlackElo "2296"]
[EventDate "2018.12.10"]
[PlyCount "81"]

1.d4 Nf6 2.c4 e6 3.Nf3 Bb4+ 4.Nbd2 d5 5.a3 Be7 6.Qc2 O-O 7.e4 dxe4 8.Nxe4 
Nc6 9.Be3 Ng4 10.Rd1 f5 11.Nc3 Qe8 12.Bf4 Nxd4 13.Nxd4 e5 14.Ndb5 exf4 15.
Nxc7 Qf7 16.Nxa8 Bc5 17.Nd5 Nxf2 18.Qxf2 Bxf2+ 19.Kxf2 Qh5 20.Be2 Qh4+ 21.
g3 fxg3+ 22.hxg3 Qe4 23.Rhe1 f4 24.gxf4 Rxf4+ 25.Nxf4 Qxf4+ 26.Bf3 Qh4+ 
27.Ke3 Bf5 28.Bd5+ Kf8 29.Rf1 g6 30.Rd4 Qg3+ 31.Bf3 Qe5+ 32.Be4 Qg3+ 33.
Kd2 Qg5+ 34.Kc3 Qe3+ 35.Bd3 Kg7 36.Rd1 h5 37.Nc7 h4 38.Nd5 Qf3 39.Re1 h3 
40.Re3 Qg2 41.Bxf5 1-0

[Event "16th Asian-ch"]
[Site "Makati PHI"]
[Date "2018.12.14"]
[Round "5.22"]
[White "Wang Shixu"]
[Black "Bersamina, Paulo"]
[Result "1/2-1/2"]
[WhiteElo "2342"]
[BlackElo "2444"]
[EventDate "2018.12.10"]
[PlyCount "71"]

1.d4 Nf6 2.c4 e6 3.Nc3 Bb4 4.e3 b6 5.Bd3 Bb7 6.Nf3 O-O 7.O-O Bxc3 8.bxc3 
d6 9.Nd2 e5 10.f4 Re8 11.Re1 c5 12.d5 Qe7 13.g3 e4 14.Bf1 Bc8 15.h3 h5 16.
Bg2 Bf5 17.a4 Nbd7 18.a5 bxa5 19.Nb3 a4 20.Rxa4 Nb6 21.Ra1 Qd7 22.Kh2 a5 
23.Nd2 a4 24.Ba3 Rab8 25.Rb1 Na8 26.Qc2 Rxb1 27.Rxb1 h4 28.Nf1 hxg3+ 29.
Nxg3 Bg6 30.Qb2 Nc7 31.Qb7 Re7 32.Qa7 Kh7 33.Rb7 Qc8 34.Rb8 Qd7 35.Rb7 Qc8
36.Rb8 1/2-1/2

[Event "16th Asian-ch"]
[Site "Makati PHI"]
[Date "2018.12.14"]
[Round "5.23"]
[White "Pascua, Haridas"]
[Black "Nouri, Alekhine"]
[Result "1-0"]
[WhiteElo "2442"]
[BlackElo "2013"]
[EventDate "2018.12.10"]
[PlyCount "87"]

1.c4 e5 2.g3 Nc6 3.Bg2 d6 4.Nc3 g6 5.d3 Bg7 6.Rb1 Nge7 7.h4 h5 8.b4 O-O 9.
e3 Nf5 10.b5 Nce7 11.Nge2 Nh6 12.Qb3 c6 13.e4 Be6 14.bxc6 bxc6 15.Qa3 Qd7 
16.O-O Rfd8 17.Qa6 Qc8 18.Qxc8 Raxc8 19.Rb7 Rd7 20.Rxd7 Bxd7 21.Ba3 c5 22.
Rb1 Bc6 23.Nb5 Rb8 24.Nec3 Nc8 25.Bh3 f5 26.Bc1 Ng4 27.f3 Nf6 28.exf5 gxf5
29.Bxf5 Bxf3 30.Bg5 Ng4 31.Be6+ Kh8 32.Bxc8 Rxc8 33.Rf1 Rf8 34.Be7 Rf7 35.
Nxd6 Rxe7 36.Rxf3 e4 37.Ncxe4 Bd4+ 38.Kg2 Be5 39.Rf8+ Kg7 40.Re8 Rd7 41.
Re6 Rd8 42.Nf5+ Kf7 43.Ng5+ Kf8 44.Rxe5 1-0

[Event "16th Asian-ch"]
[Site "Makati PHI"]
[Date "2018.12.14"]
[Round "5.24"]
[White "Quizon, Daniel"]
[Black "Dimakiling, Oliver"]
[Result "1-0"]
[WhiteElo "2314"]
[BlackElo "2434"]
[EventDate "2018.12.10"]
[PlyCount "65"]

1.e4 g6 2.d4 Bg7 3.Nc3 d6 4.Be3 a6 5.f3 b5 6.Qd2 Nd7 7.h4 h5 8.O-O-O Nb6 
9.a3 c6 10.Bd3 d5 11.Nge2 Nh6 12.Nf4 e6 13.g4 hxg4 14.h5 g5 15.Ng6 fxg6 
16.Bxg5 Bf6 17.Bxf6 Qxf6 18.e5 Qg7 19.hxg6 gxf3 20.Qg5 Ra7 21.Rh5 Ng8 22.
Rdh1 Rxh5 23.Qxh5 Nc4 24.Qxf3 Qf8 25.Qh5 Qf4+ 26.Kb1 Rg7 27.Qh8 Nd2+ 28.
Ka2 Qf8 29.Rh7 Re7 30.g7 Qf7 31.Bg6 Qxg6 32.Qxg8+ Kd7 33.Rh8 1-0

[Event "16th Asian-ch"]
[Site "Makati PHI"]
[Date "2018.12.14"]
[Round "5.25"]
[White "Antonio, Rogelio jr"]
[Black "Turqueza Mari, Joseph"]
[Result "1/2-1/2"]
[WhiteElo "2431"]
[BlackElo "2305"]
[EventDate "2018.12.10"]
[PlyCount "64"]

1.e4 c5 2.Nc3 Nc6 3.f4 g6 4.Nf3 Bg7 5.Bb5 Nd4 6.O-O Nxb5 7.Nxb5 d5 8.d3 
Bd7 9.Nc3 dxe4 10.dxe4 Bxc3 11.bxc3 Bb5 12.Qxd8+ Rxd8 13.Re1 Ba4 14.c4 
Bxc2 15.Bb2 Nf6 16.Rac1 Ba4 17.Ne5 O-O 18.Bc3 Nd7 19.Ng4 f6 20.f5 Bc6 21.
e5 h5 22.exf6 exf6 23.Ne3 g5 24.Nf1 Rde8 25.Re6 Ne5 26.Ng3 Bd7 27.Rxe8 
Bxe8 28.Ne4 Bc6 29.Nxc5 Re8 30.Ne6 Be4 31.Bxe5 Bxf5 32.Bxf6 Rxe6 1/2-1/2

[Event "16th Asian-ch"]
[Site "Makati PHI"]
[Date "2018.12.14"]
[Round "5.28"]
[White "Montoya, Edsel"]
[Black "Priasmoro, Novendra"]
[Result "1-0"]
[WhiteElo "2312"]
[BlackElo "2483"]
[EventDate "2018.12.10"]
[PlyCount "197"]

1.c4 Nf6 2.Nf3 g6 3.g3 Bg7 4.Bg2 O-O 5.O-O d6 6.d4 Nbd7 7.Nc3 e5 8.e4 exd4
9.Nxd4 Re8 10.Re1 Nc5 11.f3 Bd7 12.Be3 a6 13.Qd2 Rb8 14.Bf1 Qc8 15.b4 Ne6 
16.Rac1 h5 17.Nb3 Nh7 18.Red1 Nhf8 19.Bg2 b6 20.Nd5 Ba4 21.f4 Nh7 22.Rf1 
Bxb3 23.axb3 Nef8 24.c5 bxc5 25.bxc5 dxc5 26.Bxc5 Qd8 27.Rfd1 Kh8 28.Qa2 
Ne6 29.Bf2 c5 30.e5 Qc8 31.b4 Bf8 32.Bf1 Qc6 33.Bxa6 Red8 34.Bf1 Ra8 35.
Qc4 Ra4 36.Bg2 Qe8 37.Qc2 cxb4 38.Nf6 Nxf6 39.Bc6 Ra2 40.Qxa2 Rxd1+ 41.
Rxd1 Qxc6 42.exf6 Qc3 43.Qd2 Qxf6 44.Qd5 Kg8 45.Qe5 Qxe5 46.fxe5 Bg7 47.
Rb1 Bxe5 48.Rxb4 Kg7 49.Kg2 g5 50.Kf3 Kg6 51.Ke4 Bc3 52.Rc4 Bb2 53.Rc8 Bf6
54.Be3 Bg7 55.Rb8 Bf8 56.Rb7 Bg7 57.Kd5 Bf8 58.Ra7 Bg7 59.Rb7 Bf8 60.Rb1 
Ba3 61.Rf1 Bb2 62.Kd6 Ba3+ 63.Kd7 Bb4 64.Bb6 Ba3 65.Ba5 Bb2 66.Bb4 Bd4 67.
Ke7 Nc7 68.Bd2 Nd5+ 69.Kd8 Nf6 70.Re1 Ng4 71.Re2 Nf6 72.Kc7 Kf5 73.Kd6 Kg6
74.Bc1 Kf5 75.Ra2 Ne4+ 76.Kc6 Bf2 77.Kd7 Kg4 78.Ke7 f5 79.Ke6 Bg1 80.Ke5 
Nc5 81.h3+ Kxh3 82.Kxf5 Kxg3 83.Ra3+ Kg2 84.Kxg5 Ne4+ 85.Kxh5 Bf2 86.Kg4 
Nf6+ 87.Kf5 Nd5 88.Bd2 Nb6 89.Bf4 Nd5 90.Bg5 Nb6 91.Ra2 Kf3 92.Ra3+ Kg2 
93.Ke4 Nc4 94.Ra2 Kg1 95.Bf4 Kf1 96.Kf3 Be1 97.Ra1 Nb2 98.Bd2 Nd3 99.Ke3 
1-0

[Event "16th Asian-ch"]
[Site "Makati PHI"]
[Date "2018.12.14"]
[Round "5.29"]
[White "Pangilinan, Stephen Rome"]
[Black "Cuhendi, Sean Winshand"]
[Result "0-1"]
[WhiteElo "2276"]
[BlackElo "2429"]
[EventDate "2018.12.10"]
[PlyCount "138"]

1.b3 e5 2.Bb2 Nc6 3.e3 Nf6 4.c4 d5 5.cxd5 Nxd5 6.a3 Bd6 7.Nc3 Nxc3 8.Bxc3 
O-O 9.Bc4 Qe7 10.b4 Be6 11.Qb3 Bxc4 12.Qxc4 a5 13.b5 Nd4 14.Bb2 Qg5 15.Kf1
Ne6 16.h4 Qe7 17.Nf3 Rad8 18.Rd1 Nc5 19.d4 exd4 20.Rxd4 Ne6 21.Rd3 Bc5 22.
Ng5 Nxg5 23.hxg5 Qxg5 24.Rh3 Qf5 25.Rg3 g6 26.Ke2 Rxd3 27.Qxd3 Qxd3+ 28.
Kxd3 Rd8+ 29.Kc4 Rd2 30.Bc3 Rc2 31.e4 Bd6 32.Kb3 Bxg3 33.Kxc2 Bxf2 34.Bxa5
Bg3 35.Bc3 Kf8 36.a4 b6 37.a5 bxa5 38.Bxa5 Kg7 39.b6 cxb6 40.Bxb6 Kh6 41.
Kd3 Kh5 42.Kc4 Kg4 43.Kd5 Be1 44.Kd6 Bb4+ 45.Kd7 Bc3 46.Ke7 f6 47.Kf7 f5 
48.exf5 Kxf5 49.Kg8 h5 50.Kh7 Bd2 51.Bd8 Be3 52.Be7 Bf4 53.Bd8 Bg3 54.Kh6 
Bf4+ 55.Kh7 Bg5 56.Bb6 Be7 57.Bf2 Bf8 58.Kg8 Bd6 59.Kh7 g5 60.Kh6 h4 61.
Kh5 Bg3 62.Be3 g4 63.Bc5 h3 64.gxh3 gxh3 65.Bg1 Kf4 66.Bh2 Kf3 67.Bg1 Bf2 
68.Bh2 Kg2 69.Bf4 Bg3 0-1

[Event "16th Asian-ch"]
[Site "Makati PHI"]
[Date "2018.12.14"]
[Round "5.30"]
[White "Docena, Jerad"]
[Black "Gong, Daniel Hanwen"]
[Result "1-0"]
[WhiteElo "2426"]
[BlackElo "2270"]
[EventDate "2018.12.10"]
[PlyCount "101"]

1.e4 c6 2.d4 d5 3.exd5 cxd5 4.c4 Nf6 5.Nc3 Nc6 6.Bg5 Be6 7.Nf3 g6 8.Bxf6 
exf6 9.a3 Bg7 10.Be2 O-O 11.O-O f5 12.Rb1 Rc8 13.c5 Qf6 14.b4 a6 15.Na4 
Nxd4 16.Nxd4 Qxd4 17.Qxd4 Bxd4 18.Rfd1 Be5 19.Nb6 Rc7 20.Nxd5 Bxd5 21.Rxd5
Re8 22.Bf3 Bc3 23.g3 Kg7 24.Kg2 Rb8 25.Rd6 Ra8 26.Rb3 Be5 27.Rd5 Bf6 28.
Rbd3 Re8 29.Kf1 Bb2 30.Rd7 Re7 31.Rxc7 Rxc7 32.Ke2 Kf6 33.Kd2 Ke5 34.Bg2 
a5 35.f4+ Kf6 36.Rb3 Bd4 37.Kd3 Bg1 38.Kc4 axb4 39.axb4 b6 40.c6 Bxh2 41.
Kd5 Ke7 42.Re3+ Kd8 43.Kd6 Ra7 44.Rc3 Kc8 45.c7 Bxg3 46.Rxg3 Rxc7 47.Re3 
Rd7+ 48.Kc6 Rc7+ 49.Kxb6 Rc4 50.b5 Rxf4 51.Bc6 1-0

[Event "16th Asian-ch"]
[Site "Makati PHI"]
[Date "2018.12.15"]
[Round "6.1"]
[White "Santosh Gujrathi, Vidit"]
[Black "Ganguly, Surya Shekhar"]
[Result "1-0"]
[WhiteElo "2701"]
[BlackElo "2621"]
[EventDate "2018.12.10"]
[PlyCount "93"]

1.d4 Nf6 2.c4 e6 3.Nc3 Bb4 4.Qc2 O-O 5.a3 Bxc3+ 6.Qxc3 d5 7.Bg5 c5 8.dxc5 
d4 9.Qf3 Nbd7 10.e3 h6 11.Bxf6 Nxf6 12.O-O-O e5 13.Ne2 d3 14.Nc3 Bg4 15.
Rxd3 Qa5 16.Qg3 Qxc5 17.e4 Be6 18.Rd2 Rfd8 19.Qe3 Qc6 20.f3 Rxd2 21.Qxd2 
Rc8 22.Kb1 Bxc4 23.Bxc4 Qxc4 24.Qd6 Qe6 25.Qxe6 fxe6 26.Nb5 Rd8 27.Nxa7 
Rd2 28.Nb5 b6 29.g3 Rf2 30.Nd6 Rxf3 31.Rc1 Nd7 32.Rc6 Re3 33.Ka2 Re2 34.
Nc8 Rxe4 35.Rxe6 Rd4 36.b4 Kf7 37.Rc6 e4 38.Rd6 Rd3 39.Kb2 Ne5 40.Rxd3 
exd3 41.Nxb6 Ke6 42.Kc3 Kf5 43.a4 Ke4 44.a5 g5 45.Na4 Ke3 46.Nb2 d2 47.a6 
1-0

[Event "16th Asian-ch"]
[Site "Makati PHI"]
[Date "2018.12.15"]
[Round "6.3"]
[White "Yakubboev, Nodirbek"]
[Black "Wang Hao"]
[Result "0-1"]
[WhiteElo "2556"]
[BlackElo "2730"]
[EventDate "2018.12.10"]
[PlyCount "78"]

1.d4 Nf6 2.c4 g6 3.g3 Bg7 4.Bg2 O-O 5.Nc3 d6 6.Nf3 Nc6 7.O-O e5 8.dxe5 
dxe5 9.Bg5 Be6 10.Qc1 Qc8 11.Rd1 Re8 12.Nd5 Nd7 13.Bh6 f6 14.Bxg7 Kxg7 15.
b3 Nd8 16.Nd2 Nf7 17.c5 c6 18.Ne3 f5 19.b4 Nf6 20.Nec4 Bd5 21.f3 Qc7 22.e4
fxe4 23.fxe4 Be6 24.Qc3 Rad8 25.Ne3 Rd4 26.Nc2 Rd7 27.Nc4 Bxc4 28.Qxc4 
Red8 29.Rxd7 Qxd7 30.Rf1 Ng5 31.h4 Ngxe4 32.Bxe4 Qg4 33.Qc3 Qxe4 34.Re1 
Rd3 35.Qxe5 Qxe5 36.Rxe5 Rxg3+ 37.Kf1 Kf7 38.Nd4 Rg4 39.Ne6 Rxb4 0-1

[Event "16th Asian-ch"]
[Site "Makati PHI"]
[Date "2018.12.15"]
[Round "6.4"]
[White "Xu Yi"]
[Black "Ni Hua"]
[Result "1/2-1/2"]
[WhiteElo "2536"]
[BlackElo "2683"]
[EventDate "2018.12.10"]
[PlyCount "62"]

1.e4 e5 2.Nf3 Nc6 3.Bb5 Nf6 4.O-O Nxe4 5.d4 Nd6 6.dxe5 Nxb5 7.a4 Nbd4 8.
Nxd4 d6 9.exd6 Bxd6 10.Re1+ Be7 11.Nxc6 Qxd1 12.Rxd1 bxc6 13.Bf4 Bf5 14.
Na3 Rc8 15.Re1 Be6 16.b3 Bd6 17.Be3 c5 18.Rad1 a6 19.Nc4 Bxc4 20.bxc4 Kd7 
21.Bxc5 Rhe8 22.Rxe8 Rxe8 23.Bxd6 cxd6 24.c5 d5 25.Rxd5+ Kc6 26.Rd1 Re4 
27.g3 Rxa4 28.Rd6+ Kxc5 29.Rd7 a5 30.Rxf7 Rg4 31.Kf1 a4 1/2-1/2

[Event "16th Asian-ch"]
[Site "Makati PHI"]
[Date "2018.12.15"]
[Round "6.5"]
[White "Sethuraman, Panayapan"]
[Black "Wen Yang"]
[Result "1-0"]
[WhiteElo "2664"]
[BlackElo "2604"]
[EventDate "2018.12.10"]
[PlyCount "83"]

1.e4 e5 2.Nf3 Nc6 3.Bc4 Nf6 4.d3 Bc5 5.O-O O-O 6.Bg5 h6 7.Bh4 Be7 8.Bg3 d6
9.a4 a5 10.c3 g6 11.h3 Nh5 12.Bh2 Bg5 13.Na3 Bf4 14.d4 Qe7 15.Re1 Kg7 16.
g3 Bg5 17.Bf1 Kh7 18.Nc4 Ng7 19.Qc2 Bf6 20.Rad1 Ne8 21.Ne3 Bg7 22.Nd5 Qe6 
23.g4 exd4 24.Nxd4 Nxd4 25.cxd4 c6 26.Nb6 Rb8 27.Qd2 Qe7 28.Qxa5 Qc7 29.
Qb4 Qd8 30.e5 Be6 31.exd6 Nf6 32.Bg2 h5 33.gxh5 Nxh5 34.d5 cxd5 35.Nxd5 
Qg5 36.h4 Qf5 37.Ne7 Qf6 38.Be5 Qxe5 39.Rxe5 Bxe5 40.Bd5 Nf4 41.Bxe6 fxe6 
42.Qe4 1-0

[Event "16th Asian-ch"]
[Site "Makati PHI"]
[Date "2018.12.15"]
[Round "6.6"]
[White "Vokhidov, Shamsiddin"]
[Black "Nguyen Ngoc Truong Son"]
[Result "0-1"]
[WhiteElo "2480"]
[BlackElo "2641"]
[EventDate "2018.12.10"]
[PlyCount "90"]

1.e4 c5 2.Nf3 d6 3.d4 cxd4 4.Nxd4 Nf6 5.Nc3 a6 6.Be2 e5 7.Nb3 Be7 8.Bg5 
Be6 9.Bxf6 Bxf6 10.Qd3 Be7 11.O-O-O Nd7 12.g3 b5 13.f4 Nb6 14.Na5 Qc7 15.
Nd5 Bxd5 16.exd5 exf4 17.Nc6 O-O 18.gxf4 Bf6 19.Qf5 Qd7 20.Qxd7 Nxd7 21.
Bg4 Nc5 22.Rhe1 Rfe8 23.Bf3 g6 24.Kb1 Bh4 25.Rxe8+ Rxe8 26.Rf1 Kg7 27.Kc1 
Bf6 28.Bg4 h5 29.Bf3 Kh6 30.a3 Bg7 31.Rg1 Kh7 32.f5 Kh6 33.fxg6 fxg6 34.c3
g5 35.Kd2 g4 36.Bg2 Bf6 37.Rf1 Bg5+ 38.Kd1 Nd3 39.Nd4 Nxb2+ 40.Kc2 Nc4 41.
Nf5+ Kg6 42.Rf2 Re5 43.Kd3 Rxf5 44.Be4 Ne5+ 45.Kc2 Nf3 0-1

[Event "16th Asian-ch"]
[Site "Makati PHI"]
[Date "2018.12.15"]
[Round "6.7"]
[White "Lu Shanglei"]
[Black "Tabatabaei, Mohammadamin"]
[Result "0-1"]
[WhiteElo "2636"]
[BlackElo "2587"]
[EventDate "2018.12.10"]
[PlyCount "124"]

1.e4 e5 2.Bc4 Nf6 3.d3 Nc6 4.Nf3 Bc5 5.O-O a6 6.c3 d6 7.Nbd2 O-O 8.h3 Ba7 
9.Bb3 Be6 10.Re1 Bxb3 11.Qxb3 Qd7 12.Nf1 b5 13.Bg5 Nh5 14.Rad1 h6 15.Be3 
Bxe3 16.Nxe3 Nf4 17.d4 Rfe8 18.Qc2 Rac8 19.Nd5 Ng6 20.a4 exd4 21.cxd4 Nce7
22.Nb4 a5 23.Nd3 b4 24.Qb3 c6 25.Rc1 Nf8 26.Nf4 Ne6 27.Nh5 Ng6 28.Qe3 Qd8 
29.d5 cxd5 30.Rxc8 Qxc8 31.exd5 Nc7 32.Qd4 Rxe1+ 33.Nxe1 Ne8 34.Qe4 Kf8 
35.Qc2 Qb7 36.Qc4 Ne7 37.Nf4 g5 38.Ne2 Qxd5 39.Qxd5 Nxd5 40.Nd4 Ne7 41.Kf1
Nc7 42.Ke2 Ke8 43.Kd3 Kd7 44.Nb3 Nc6 45.Kc4 f5 46.Nf3 g4 47.hxg4 fxg4 48.
Nfd2 h5 49.g3 Ke7 50.Nf1 Kf6 51.Ne3 Ke5 52.Kd3 d5 53.Nc5 Ne8 54.Nc2 Nf6 
55.Nb3 Ne4 56.Ke2 d4 57.Ne1 Kd5 58.Nd3 Kc4 59.Nbc1 Nc5 60.Nf4 Ne5 61.Nxh5 
d3+ 62.Ke3 Nb3 0-1